| 000 | 01002cam a2200241 4500 | ||
|---|---|---|---|
| 001 | WB3736-13 | ||
| 008 | 010926n2001 000 0 eng u | ||
| 035 | _a(Sirsi) u114847 | ||
| 245 | _aAmerican estate agents take stock | ||
| 260 | _c2001 | ||
| 490 |
_aNegotiator _v16(19) 21 September 2001, 3(1) |
||
| 520 | _aEstate agents are assessing the impact of the destruction of property in and around the World Trade Center. Emergency office space is at a premium as companies seek temporary accommodation for displaced employees. Accommodation is also being sought for those made homeless by the attacks; mortgage lenders and housing associations have also made mortgage relief available. | ||
| 590 | _aWB | ||
| 650 | _aESTATE AGENTS | ||
| 650 | _aNEW YORK | ||
| 650 | _aUNITED STATES | ||
| 650 | _aPROPERTY INDUSTRY | ||
| 650 | _aTERRORIST ATTACKS | ||
| 650 | _aHOMEOWNERS | ||
| 650 | _aMORTGAGE RELIEF | ||
| 690 | _aPROPERTY-COMMERCIAL PROPERTY-COMMERCIAL PROPERTY MARKET | ||
| 942 | _n0 | ||
| 999 |
_c68377 _d68377 |
||